| 000 | 01446nam a2200409 c 4500 | ||
|---|---|---|---|
| 003 | BLK | ||
| 005 | 20231103154637.0 | ||
| 008 | 180408b bul|||||r ||||||| ||bul|| | ||
| 010 | _aKNG00055667000 | ||
| 040 | _aBLK | ||
| 041 |
_aBUL _cBUL |
||
| 072 | 7 |
_2bullib _aН63 _xСелско стопанство Н |
|
| 080 |
_aКотки _b636.8 _x(035) _z636.8(035) |
||
| 100 | 1 |
_aПинтер, Алберт _eпърви автор _9110755 |
|
| 700 | 1 |
_aВишнакова, Светлана _eпрев. _948479 |
|
| 139 |
_aПинтер, Алберт _bП 52 |
||
| 245 | 1 | 0 |
_aКотката _cАлберт Пинтер; прев. Светлана Вишнакова. |
| 257 | _aCHE | ||
| 260 |
_аСофия _bЕМАС _c2000 _fСофия : Балкан прес |
||
| 300 |
_a400 с. _bс ил., 12 л. : цв. ил. _c20 см |
||
| 380 | _a63 | ||
| 490 | 1 | _aДомашни любимци | |
| 500 | _aПрев. по Кошки, коты, котята / Альберт Пинтер. | ||
| 650 | 4 |
_aКотки - отглеждане _9279010 |
|
| 653 | _aкотки | ||
| 653 | _aдомашни любимци | ||
| 653 | _aотглеждане | ||
| 653 | _aразмножаване | ||
| 653 | _aхранене | ||
| 659 | _aН | ||
| 852 | _aЦб 254315 | ||
| 856 | 4 |
_qpdf _u |
|
| 856 | 4 |
_qpdf _u |
|
| 942 |
_cKNG _n0 _07 |
||
| 944 |
_aCR _c09.01.2012 _lГрета Цуфелде _k30537 |
||
| 944 |
_aED _c19.01.2012 _lф / _k |
||
| 999 |
_c51752 _d51752 |
||